| 000 | 00596nam a2200241 a 4500 | ||
|---|---|---|---|
| 999 |
_c12434 _d12434 |
||
| 001 | 12434 | ||
| 003 | BD-JhCC | ||
| 005 | 20220804134024.0 | ||
| 008 | 220216t19492015ii |||| ||a| 000 0 eng d | ||
| 020 | _a9780143424680 | ||
| 035 | _a(BD-JhCC)12434 | ||
| 040 |
_aBD-JhCC _dBD-JhCC |
||
| 041 | _aenglish | ||
| 082 |
_a423.1 _bLEW 2015 |
||
| 100 | _aLewis, Norman | ||
| 245 |
_aWorld Power Made Easy / _cNorman Lewis. |
||
| 260 |
_aIndia : _bPenguin books; _c2015. |
||
| 300 |
_a528 p. : _c22 cm. |
||
| 650 | _aVocabulary | ||
| 650 | _aEnglish Language | ||
| 942 |
_2ddc _cBK _02 |
||